000 00305nam a2200133Ia 4500
008 191201s2006 xx 000 0 und d
082 _a005.133
_bBAJ
100 _aBayross
245 0 _aJava 2.0
260 _aN.Delhi
_bBPB Publication
_c2006
300 _a975
650 _aB.Tech(IT)
942 _2ddc
_cBK
_01
999 _c3138
_d3138